In Plain English: Othello Quiz Stats

 Plays Quiz Updated May 14, 2018

Score 0/22 Timer 08:00
2 Plays Today
% Correct
Is he out of his mind?
86.4%
He does it every night.
82.1%
Be patient. I'm not a miracle-worker.
78.6%
Goodbye, cannons.
76%
Talk is cheap.
75.7%
Give me some credit. I'm not that dumb.
75.4%
It's a trick!
74.7%
You're a witch!
74.2%
Scream real loud.
73.8%
Maybe I'm just being paranoid.
73.4%
I should stop now. I'm not a fun drunk.
71%
% Correct
Shut up and listen.
69.2%
I have excellent references.
68.3%
It's party time.
64.2%
I'm used to going off and killing people.
63.7%
You've been avoiding me.
63.4%
Hide over there so you can eavesdrop.
61.1%
I'm not kidding around.
59.8%
You're messing with the wrong guy.
58.9%
Rain check?
58.1%
Deal with it.
49.9%
Now I'm really mad.
44.5%

You're not logged in!

Compare scores with friends on all Sporcle quizzes.
OR
Log In

You Might Also Like...

Show Comments

Extras

Top Quizzes Today


Score Distribution

Your Account Isn't Verified!

In order to create a playlist on Sporcle, you need to verify the email address you used during registration. Go to your Sporcle Settings to finish the process.

Report this User

Report this user for behavior that violates our Community Guidelines.

Details: